POBLES DE L'ALT PENEDÈS - Estadísticas

Estadísticas generales
  • Esta prueba ha sido intentada 31 veces
    22 desde el último reinicio
  • La puntuación promedio es 21 de 27
Estadísticas de respuestas
INICIAL MUNICIPI % Correcto
S Sant Sadurní d'Anoia
100%
V Vilafranca del Penedès
100%
G Gelida
94%
G la Granada
94%
S Santa Margarida i els Monjos
94%
S Subirats
94%
S Sant Cugat Sesgarrigues
88%
P Pacs del Penedès
82%
S Santa Fe del Penedès
82%
S Sant Martí Sarroca
82%
S Sant Pere de Riudebitlles
82%
S Sant Quintí de Mediona
82%
C Castellví de la Marca
76%
F Font-rubí
76%
O Olèrdola
76%
P Puigdàlber
76%
S Sant Llorenç d'Hortons
76%
T Torrelavit
76%
A Avinyonet del Penedès
71%
P el Pla del Penedès
71%
O Olesa de Bonesvalls
71%
T Torrelles de Foix
71%
V Vilobí del Penedès
71%
C Castellet i la Gornal
65%
C les Cabanyes
65%
M Mediona
65%
P Pontons
65%
No se encontraron pruebas coincidentes
Distribución de puntuación
Porcentaje de gente con cada puntuación
Porcentaje por número respondido
Historial de tus puntuaciones
No has intentado esta prueba desde el último reinicio